QUALITY CONTROL SYSTEM IN ACCOUNTING A GUIDE TO IMPLEMENTATION (Record no. 580248)
[ view plain ]
| 000 -LEADER | |
|---|---|
| fixed length control field | 00403nam a22001337a 4500 |
| 020 ## - INTERNATIONAL STANDARD BOOK NUMBER | |
| International Standard Book Number | 0-89443-160-9 |
| 082 ## - DEWEY DECIMAL CLASSIFICATION NUMBER | |
| Classification number | 657.0973 BRE'Q |
| 100 ## - MAIN ENTRY--PERSONAL NAME | |
| Personal name | BRENSER, WAYNE G |
| 9 (RLIN) | 74748 |
| 245 ## - TITLE STATEMENT | |
| Title | QUALITY CONTROL SYSTEM IN ACCOUNTING A GUIDE TO IMPLEMENTATION |
| 260 ## - PUBLICATION, DISTRIBUTION, ETC. | |
| Place of publication, distribution, etc. | ENGLAND |
| Name of publisher, distributor, etc. | ASPEN |
| Date of publication, distribution, etc. | 1979 |
| 300 ## - PHYSICAL DESCRIPTION | |
| Extent | 267P |
| 650 ## - SUBJECT ADDED ENTRY--TOPICAL TERM | |
| Topical term or geographic name entry element | ACCOUNTANTS UNITED STATES ACCOUNTING UNITED STATE QUALITY CONYTOL |
| 9 (RLIN) | 74749 |
| 942 ## - ADDED ENTRY ELEMENTS (KOHA) | |
| Koha item type | Book |
| Withdrawn status | Lost status | Damaged status | Not for loan | Permanent Location | Current Location | Shelving location | Date acquired | Total Checkouts | Full call number | Barcode | Date last seen | Price effective from | Koha item type |
|---|---|---|---|---|---|---|---|---|---|---|---|---|---|
| College of Electrical & Mechanical Engineering (CEME) | College of Electrical & Mechanical Engineering (CEME) | General Stacks | 05/10/2017 | 657.0973 BRE'Q | CEME-15433 | 06/28/2021 | 06/28/2021 | Book |
